Study on the potential of Eco-tourism in preah romkel commune thalabarivat district stung treng province, សិក្សាពីសក្តានុពលទេសចរណ៍ធម្មជាតិនៅក្នុងឃុំព្រះរំកិល ស្រុកថាឡាបរិវ៉ាត ខេត្តស្ទឹងត្រែង (Record no. 3435)

000 -LEADER
fixed length control field 00703nam a22001337a 4500
040 ## - CATALOGING SOURCE
Transcribing agency RUA
082 ## - DEWEY DECIMAL CLASSIFICATION NUMBER
Classification number FOR EK 2012 B142 Or.1
100 ## - MAIN ENTRY--AUTHOR NAME
Personal name EK, DARA.
245 ## - TITLE STATEMENT
Title Study on the potential of Eco-tourism in preah romkel commune thalabarivat district stung treng province, សិក្សាពីសក្តានុពលទេសចរណ៍ធម្មជាតិនៅក្នុងឃុំព្រះរំកិល ស្រុកថាឡាបរិវ៉ាត ខេត្តស្ទឹងត្រែង
260 ## - PUBLICATION, DISTRIBUTION, ETC. (IMPRINT)
Place of publication Phnom Penh
Name of publisher RUA
Year of publication 2012
300 ## - PHYSICAL DESCRIPTION
Number of Pages ix; 40p.
Other physical details ill.
Dimensions 29cm.
856 ## - ELECTRONIC LOCATION AND ACCESS
Uniform Resource Identifier https://drive.google.com/file/d/14eVqvC2ivfwdehnYW5NmUnj2VLooEHyL/view?usp=sharing
942 ## - ADDED ENTRY ELEMENTS (KOHA)
Koha item type FOR
952 ## - LOCATION AND ITEM INFORMATION (KOHA)
Withdrawn status [LOCAL, KOHA] 0
952 ## - LOCATION AND ITEM INFORMATION (KOHA)
Withdrawn status [LOCAL, KOHA] 0
952 ## - LOCATION AND ITEM INFORMATION (KOHA)
Withdrawn status [LOCAL, KOHA] 0
952 ## - LOCATION AND ITEM INFORMATION (KOHA)
Withdrawn status [LOCAL, KOHA] 0
952 ## - LOCATION AND ITEM INFORMATION (KOHA)
Withdrawn status [LOCAL, KOHA] 0
952 ## - LOCATION AND ITEM INFORMATION (KOHA)
Withdrawn status [LOCAL, KOHA] 0
952 ## - LOCATION AND ITEM INFORMATION (KOHA)
Withdrawn status [LOCAL, KOHA] 0
952 ## - LOCATION AND ITEM INFORMATION (KOHA)
Withdrawn status [LOCAL, KOHA] 0
952 ## - LOCATION AND ITEM INFORMATION (KOHA)
Withdrawn status [LOCAL, KOHA] 0
952 ## - LOCATION AND ITEM INFORMATION (KOHA)
Withdrawn status [LOCAL, KOHA] 0
Holdings
Permanent Location Date acquired Koha item type Lost status Shelving location Barcode Current Location Full call number
Library Block B2015-11-14FOR B142RUA027691Library Block BFOR EK 2012 B142 Or.1
Library Block B2015-11-14FOR B142RUA027708Library Block BFOR EK 2012 B142 Or.2
Library Block B2015-11-14FOR B142RUA027780Library Block BFOR EK 2012 B142 Or.3
Library Block B2015-11-14FOR B142RUA027636Library Block BFOR EK 2012 B142 Or.4
Library Block B2015-11-14FOR B142RUA027619Library Block BFOR EK 2012 B142 Or.5
Library Block B2015-11-14FOR B142RUA028928Library Block BFOR EK 2012 B142 Or.6
Library Block B2015-11-14FOR B142RUA028203Library Block BFOR EK 2012 B142 Or.7
Library Block B2015-11-14FOR B142RUA028501Library Block BFOR EK 2012 B142 Or.9
Library Block B2015-11-14FOR B142RUA028251Library Block BFOR EK 2012 B142 Or.10
Library Block B2015-11-14FOR B142RUA028180Library Block DFOR EK 2012 B142 Or.8
មជ្ឈមណ្ឌលឯការនៃសាកលវិទ្យាល័យភូមិន្ទកសិកម្មចំការដូង

Powered by Koha